| 000 | 00316 a2200133 4500 | ||
|---|---|---|---|
| 001 | 69014 | ||
| 082 | _a621.815 SHI | ||
| 090 |
_c38673 _d38673 |
||
| 100 | _aShigley,K | ||
| 245 | _aMechanical engg design 7th Ed | ||
| 250 | _a7 | ||
| 260 |
_aBoston _bMcGraw-Hill Higher Education _c2004 |
||
| 300 | _axxiii,1030p | ||
| 942 |
_aNUST-CAE _k621.815 SHI |
||
| 999 |
_c304087 _d304087 |
||